000 00452nam a2200181Ia 4500
001 13458
005 20260306164802.0
008 260306t1997||||xx |||||||||||||| ||spa||
041 _aESP
082 _a004.21
_bM26M
100 _aMartin, James
_eAUT
245 0 _aMétodos orientados a objetos:
_bconceptos fundamentales
260 _c1997
300 _axv, 412 páginas :
_c23 cm.
650 _aGEN
654 _aCCC
942 _cLIB
_dJUS
_fJUS
_2ddc
_n
999 _c13458
_d13458